The Future of health policy
Salvato in:
| Autore principale: | |
|---|---|
| Natura: | testo |
| Pubblicazione: |
Cambridge:
Harvard University Press
|
| Soggetti: | |
| Tags: |
Aggiungi Tag
Nessun Tag, puoi essere il primo ad aggiungerne!!
|
MARC
| LEADER | 00000 a a2200000 04500 | ||
|---|---|---|---|
| 001 | 32669 | ||
| 003 | |||
| 040 | |||
| 020 | |a 0-674-33826-X | ||
| 090 | |a 204100 | ||
| 100 | |a Fuchs, Victor R. | ||
| 245 | |a The Future of health policy | ||
| 260 | |a Cambridge: |b Harvard University Press | ||
| 300 | |a 255 p. | ||
| 650 | |a SEGURIDAD SOCIAL | ||
| 650 | |a BIENESTAR SOCIAL | ||
| 650 | |a ANALISIS SOCIOLOGICO | ||
| 650 | |a GASTOS DE SALUD | ||
| 650 | |a SALUD PUBLICA | ||
| 650 | |a SERVICIOS DE SALUD | ||
| 650 | |a FINANCIAMIENTO DE LA SALUD | ||
| 650 | |a SISTEMAS DE SALUD | ||
| 650 | |a GOBIERNO | ||
| 650 | |a ESTADOS UNIDOS | ||
| 999 | |c 5710 |d 5710 | ||



